00344nam a2200109Ia 450000500170000000800410001710000200005824501150007826000170019330000110021065000130022120260328104325.0260328s9999||||xx |||||||||||||| ||und|| aSteven, Izenour 0aAprendiendo de las Vegas, el simbolismo olVidado de la Forma Arquitectónica :b 1931-1959 /cIzenour Steven bGustavo Gili a227 p. aHISTORIA